000 01694cam a22003251i 4500
003 SA-RiAUC
005 20251001135346.0
008 250724s2000 su g f0100pdara c
040 _aSA-JeALM
_bara
_cSA-RiAUC
_erda
043 _aa-su---
050 4 _bM35 2000
082 0 4 _a811.022
_qSA-RiAUC
090 _a811.022
_bم ل ك
245 0 2 _aالملك عبد العزيز في الشعر العربي الحديث /
_cلجنة الاختيار والمراجعة منصور بن إبراهيم الحازمي، عزت بن عبد المجيد خطاب، عبد الله بن حامد المعيقل ؛ جمع وإعداد إسماعيل حسين أبو زعنونة.
264 1 _aالرياض :
_bمكتبة الملك عبد العزيز العامة،
_c2000
300 _a351 صفحة ؛
_c28 سم.
336 _aنص
_btxt
_2rdacontent
_3كتاب
337 _aبدون وسيط
_bn
_2rdamedia
338 _aمجلد
_bnc
_2rdacarrier
600 1 7 _aابن سعود، عبد العزيز بن عبد الرحمن بن فيصل،
_cملك السعودية،
_d1293-1373 هجري
_vشعر
_2aucnm
650 7 _aشعر الفخر والمديح
_2aucsh
650 7 _aالشعر العربي السياسي
_2aucsh
651 7 _aالسعودية
_xملوك وحكام
_vشعر
_2aucsh
700 1 _aالمعيقل، عبد الله بن حامد
_eمراجع.
700 1 _aالحازمي، منصور إبراهيم،
_d1354 هجري-
_eمراجع.
700 1 _aخطاب، عزت عبد المجيد،
_d1354 هجري-
_eمراجع.
700 1 _aأبو زعنونة، إسماعيل حسين
_eجامع.
942 _2ddc
_cBOOK
_n0
949 _aSA-JeALM
_d250724
_uosman123
_n1
999 _c12298
_d12298